000 00320 a2200109 4500
001 ART_11372
005 20260410161856.0
008 260409a
245 1 0 _aBurbujas especulativas racionales
100 1 _aJacobo, Alejandro D.
773 0 _tRevista de Economía
_g- Nº 79 (oct./dic. 1995)
_wREV11077
999 _c25509
_d25509